000 01778nam2a22003971 4500
001 v19\rc\1735957
005 20260406091422.0
035 _a(NLR Aleph) 004830351
090 _a4715552
_c4715552
100 _a20061002d1905 |||y0rusy50 ca
101 1 _arus
_cger
102 _aRU
105 _ac z |||||
200 1 _aЛейбниц, его жизнь, сочинения и учение
_eС портр. Лейбниц
_fПер. с нем. И.Н. Полилова
210 _d1905
215 _aXVI, 739 с., 1 л. фронт. (портр.)
461 0 _1001v19\rc\1735954
_12001#$aИстория новой философии$eПер. с нем. юбил. изд. Т. 1-8$fКуно Фишер$vТ. 3
_1700#1$aФишер$bК.$f1824-1907$gКуно
_94715526
_aФишер, К. (1824-1907)
_cСанкт-Петербург
_d1901-1909
_fКуно Фишер
_nД.Е. Жуковский
_oПер. с нем. юбил. изд. Т. 1-8
_p8 т.
_tИстория новой философии
_vТ. 3
702 1 _aЛейбниц
_bГ.В.
_f1646-1716
_gГотфрид Вильгельм
_4570
702 1 _4730
_7ca
_8rus
_aПолилов
_bН. Н.
_cвоен. инженер, философ, переводчик
_f1864-1907
_gНиколай Николаевич
_3RU\NLR\AUTH\770281981
_92669453
801 0 _aRU
_bNLR
_gpsbo
801 0 _aRU
_bRuMoRGB
_2psbo
801 1 _aRU
_bProSoft-M
_2rusmarc
852 _aNLR
_j18.340a.1.30(3)
852 _aNLR
_j37.66.6.127(3)
852 _aNLR
_j38.5.3.35(3)
899 _aRuMoRGB
_jW 174/111
899 _aRuMoRGB
_jW 192/470
899 _aRuMoRGB
_jРб 33/471
899 _aRuMoRGB
_jW 192/469
899 _aБАН
899 _aНБ СПбГУ
899 _aГПИБ
899 _aНБ МГУ
942 _cBOOK
980 _aNB